Memorias de un hombre sin importancia (1878-1961) / (Record no. 23346)

MARC details
000 -LEADER
campo de control de longitud fija 01160nam a2200277 i 4500
001 - NÚMERO DE CONTROL
campo de control 23346
003 - IDENTIFICADOR DE NÚMERO DE CONTROL
campo de control ES-MaACL
005 - FECHA Y HORA DE LA ÚLTIMA TRANSACCIÓN
campo de control 20250129092357.0
007 - CAMPO FIJO DE DESCRIPCIÓN FÍSICA--INFORMACIÓN GENERAL
campo de control de longitud fija t|
008 - DATOS DE LONGITUD FIJA--INFORMACIÓN GENERAL
campo de control de longitud fija 021210s1962 sp ||||1| spa d
080 ## - NÚMERO DE LA CLASIFICACIÓN DECIMAL UNIVERSAL
Número de la Clasificación Decimal Universal 946.41 M."18/19"(047)
080 ## - NÚMERO DE LA CLASIFICACIÓN DECIMAL UNIVERSAL
Número de la Clasificación Decimal Universal 946"18/19"(047)
100 1# - ENTRADA PRINCIPAL--NOMBRE DE PERSONA
Nombre de persona Alvarez Angulo, Tomás.
9 (RLIN) 20692
245 10 - MENCIÓN DEL TÍTULO
Título Memorias de un hombre sin importancia (1878-1961) /
Mención de responsabilidad, etc. Tomás Álvarez Angulo ; prólogo de Carlos Blanco Soler.
260 ## - PUBLICACIÓN, DISTRIBUCIÓN, ETC.
Lugar de publicación, distribución, etc. Madrid :
Nombre del editor, distribuidor, etc. Aguilar,
Fecha de publicación, distribución, etc. 1962.
300 ## - DESCRIPCIÓN FÍSICA
Extensión 763 p., [7] h. de lám. :
Otras características físicas il. ;
Dimensiones 23 cm.
490 1# - MENCIÓN DE SERIE
Mención de serie Colección literaria. Novelistas, dramaturgos, ensayistas, poetas
651 #4 - PUNTO DE ACCESO ADICIONAL DE MATERIA--NOMBRE GEOGRÁFICO
Nombre geográfico Madrid-
Subdivisión general Historia-
Subdivisión cronológica S.XIX-
Subdivisión de forma Relatos personales.
9 (RLIN) 155260
651 #4 - PUNTO DE ACCESO ADICIONAL DE MATERIA--NOMBRE GEOGRÁFICO
Nombre geográfico Madrid-
Subdivisión general Historia-
Subdivisión cronológica S.XX-
Subdivisión de forma Relatos personales.
9 (RLIN) 8973
651 #4 - PUNTO DE ACCESO ADICIONAL DE MATERIA--NOMBRE GEOGRÁFICO
Nombre geográfico España-
Subdivisión general Historia-
Subdivisión cronológica 1874-1902, Restauración-
Subdivisión de forma Relatos personales.
9 (RLIN) 155279
651 #4 - PUNTO DE ACCESO ADICIONAL DE MATERIA--NOMBRE GEOGRÁFICO
Nombre geográfico España-
Subdivisión general Historia-
Subdivisión cronológica S.XX-
Subdivisión de forma Relatos personales.
9 (RLIN) 8365
700 1# - ENTRADA AGREGADA--NOMBRE PERSONAL
Nombre de persona Blanco Soler, C.,
Fechas asociadas al nombre 1894-1962
9 (RLIN) 29295
830 1# - PUNTO DE ACCESO ADICIONAL DE SERIE-TÍTULO UNIFORME
Título uniforme Colección literaria. Novelistas, dramaturgos, ensayistas, poetas
9 (RLIN) 183856
852 ## - LOCALIZACIÓN
Ubicación ES-MaACL
Número de control de estantería C-21416
Sublocalización o colección R.49901
Holdings
Estatus retirado Estado de pérdida Estado de daño No para préstamo Biblioteca de origen Biblioteca actual Ubicación en estantería Fecha de adquisición Fuente de adquisición Total de préstamos Signatura topográfica completa Código de barras Visto por última vez Precio de reemplazo Tipo de ítem Koha
        Biblioteca del Ateneo de Madrid Biblioteca del Ateneo de Madrid Galería 17/01/2008     C-21416 1024052 23/02/2023 23/02/2023 Libro impreso